MyGZULibrary

Clinical orthopaedic examination / (Record no. 5152)

MARC details
000 -LEADER
fixed length control field 01536cam a22003494a 4500
001 - CONTROL NUMBER
control field 15907505
003 - CONTROL NUMBER IDENTIFIER
control field GZU
005 - DATE AND TIME OF LATEST TRANSACTION
control field 20210329155017.0
008 - FIXED-LENGTH DATA ELEMENTS--GENERAL INFORMATION
fixed length control field 090914s2010 stka b 001 0 eng
010 ## - LIBRARY OF CONGRESS CONTROL NUMBER
LC control number 2009038160
020 ## - INTERNATIONAL STANDARD BOOK NUMBER
International Standard Book Number 9780702033933 (alk. paper)
020 ## - INTERNATIONAL STANDARD BOOK NUMBER
International Standard Book Number 9780702033926 (international ed. : alk. paper)
035 ## - SYSTEM CONTROL NUMBER
System control number (DNLM)101515103
040 ## - CATALOGING SOURCE
Original cataloging agency DNLM/DLC
Transcribing agency DLC
050 00 - LIBRARY OF CONGRESS CALL NUMBER
Classification number RD734
Item number .McR 2010
100 1# - MAIN ENTRY--PERSONAL NAME
Personal name McRae, Ronald.
Relator term author
245 10 - TITLE STATEMENT
Title Clinical orthopaedic examination /
Statement of responsibility, etc. Ronald McRae ; with original drawings by the author.
250 ## - EDITION STATEMENT
Edition statement 6th ed.
260 ## - PUBLICATION, DISTRIBUTION, ETC.
Place of publication, distribution, etc. Edinburgh ;
-- New York :
Name of publisher, distributor, etc. Churchill Livingstone,
Date of publication, distribution, etc. 2010.
300 ## - PHYSICAL DESCRIPTION
Extent viii, 323 p. :
Other physical details ill. ;
Dimensions 25 cm.
504 ## - BIBLIOGRAPHY, ETC. NOTE
Bibliography, etc. note Includes bibliographical references and index.
505 0# - FORMATTED CONTENTS NOTE
Formatted contents note General principles in the examination of a patient with an orthopaedic problem -- Segmental and peripheral nerves of the limbs -- The cervical spine -- The shoulder -- The elbow -- The wrist -- The hand -- The thoracic and lumbar spine -- The hip -- The knee -- The tibia -- The ankle -- The foot.
650 #0 - SUBJECT ADDED ENTRY--TOPICAL TERM
Topical term or geographic name entry element Orthopedics
General subdivision Diagnosis.
650 #0 - SUBJECT ADDED ENTRY--TOPICAL TERM
Topical term or geographic name entry element Musculoskeletal system
General subdivision Examination.
650 12 - SUBJECT ADDED ENTRY--TOPICAL TERM
Topical term or geographic name entry element Bone Diseases
General subdivision diagnosis
Form subdivision Atlases.
650 12 - SUBJECT ADDED ENTRY--TOPICAL TERM
Topical term or geographic name entry element Joint Diseases
General subdivision diagnosis
Form subdivision Atlases.
650 22 - SUBJECT ADDED ENTRY--TOPICAL TERM
Topical term or geographic name entry element Orthopedic Procedures
Form subdivision Atlases.
650 22 - SUBJECT ADDED ENTRY--TOPICAL TERM
Topical term or geographic name entry element Physical Examination
Form subdivision Atlases.
906 ## - LOCAL DATA ELEMENT F, LDF (RLIN)
a 7
b cbc
c orignew
d 1
e ecip
f 20
g y-gencatlg
942 ## - ADDED ENTRY ELEMENTS (KOHA)
Source of classification or shelving scheme Library of Congress Classification
Koha item type Books
Edition 6th ed.
Classification part 734
Item part MCR
Call number prefix RD
Holdings
Withdrawn status Lost status Source of classification or shelving scheme Damaged status Not for loan Collection code Home library Current library Shelving location Date acquired Source of acquisition Total Checkouts Full call number Barcode Date last seen Copy number Price effective from Koha item type
    Library of Congress Classification     Non-fiction City Campus Library City Campus Library General Stacks 03/29/2021 Book Aid International   RD734 MCR 2010 028902 03/29/2021 c.1 03/29/2021 Books